| 000 | 00567nam a22001937a 4500 | ||
|---|---|---|---|
| 005 | 20241114122053.0 | ||
| 010 | _aENG-142618 | ||
| 020 |
_c1975.00 _a9788178331706 |
||
| 035 | _aEN-126150 | ||
| 037 | _bDBAD | ||
| 082 | _a546.3 | ||
| 100 |
_aPanda, Himadri _973953 |
||
| 245 |
_aHandbook on Eectroplating with manufacture of electrochemicals/ _cby Himadri panda |
||
| 250 | _a2nd Edition | ||
| 260 |
_aDelhi _bAsia Pacific Business Press Inc. _c2022 |
||
| 270 | _bDelhi | ||
| 300 |
_a468p.: _c22cm(pbk) _bill. |
||
| 942 |
_2ddc _cEN _h546.3 _mPAN |
||
| 999 |
_c206991 _d206991 |
||